| 000 | 008420000a22001930004500 | ||
|---|---|---|---|
| 020 | _a84-8164-333-5 | ||
| 041 | 0 | _aSPA | |
| 082 | 0 | 4 | _aG 149.94 A137g |
| 245 | 1 | 0 | _aFilosofía del lenguaje II. Pragmática / Marcelo Dascal, Editor |
| 260 | _aMadrid, España : Trotta | ||
| 300 | _a246 Pag. | ||
| 505 | 0 | 0 | _ala pragmática y las intenciones comunicativas -- comunicación. convención, reglas y lenguajes privados -- actos de habla -- metáfora -- la teoría de la pertinencia -- pragmática trascendental -- interpretación: radical y cultural -- la tradición humboldtiana y el relativismo lingüístico -- pragmática y análisis gramatical |
| 650 | 1 | 4 | _aLENGUAJE Y LENGUAS - FILOSOFIA |
| 001 | 989 | ||
| 942 | _cBK | ||
| 999 |
_c32368 _d32368 |
||
| 336 |
_atexto _btxt _2rdacontent |
||
| 337 |
_2rdamedia _asin mediación _bn |
||
| 338 |
_2rdacarrier _avolumen _bnc |
||